000 00749nam a22002417a 4500
005 20170124110013.0
010 _a613141
020 _c00.00
035 _a613141
037 _bCen Lib/Ret
040 _aDPL
_bEN
082 _a301.428
_bKAP
100 _aKapadia, K.M.
_918179
245 _aYoung runaways :
_cby K.M.Kapadia [and] S.Devadas Pillai
_ba study of children who desert home /
260 _aBombay
_bPopular Prakashan
_c1971
270 _bBombay
_a35 C Tardeo Road
300 _axii,124p. :
_c20cm(Hb)
500 _aIncludes bibliographical references and index
650 _aRunaway children
_918180
650 _aFamilies.
_z
_918181
700 _aPillai, S.Devadas
_918182
942 _2ddc
_cEN
_h301.428
_mKAP
999 _c126685
_d126685